书目信息 |
| 题名: |
孔子:执着人生
|
|
| 作者: | 李旭 , 马风 著 | |
| 分册: | ||
| 出版信息: | 武汉 长江文艺出版社 1993 |
|
| 页数: | 251页 | |
| 开本: | 19cm | |
| 丛书名: | 中国圣贤人生丛书 | |
| 单 册: | ||
| 中图分类: | B222.25 , B22 | |
| 科图分类: | ||
| 主题词: | ||
| 电子资源: | ||
| ISBN: | 7-5354-1141-X | |
| 000 | 00877nam2 2200301 45 | |
| 001 | 1156201413 | |
| 005 | 20110927153853.14 | |
| 010 | @a7-5354-1141-X@dCNY10.00 | |
| 100 | @a19940511d1993 emky0chiy0121 ea | |
| 101 | 0 | @achi |
| 102 | @aCN@b420000 | |
| 105 | @ay z 000yb | |
| 200 | 10 | @a孔子:执着人生@AKONG ZI : ZHI ZHUO REN SHENG@f李 旭著@FLI XU ZHU |
| 210 | @a武汉@c长江文艺出版社@d1993 | |
| 215 | @a251页@d19cm | |
| 225 | 2 | @a中国圣贤人生丛书@f洪 质主编 |
| 330 | @a本书反映孔子一生经历和思想,同时收入《易经》妙解(马风著)。 | |
| 410 | 0 | @120010@a中国圣贤人生丛书 |
| 517 | 1 | @a易经妙解@AYI JING MIAO JIE |
| 540 | 1 | @a孔子@AKONG ZI |
| 600 | 0 | @a孔丘@x思想评论 |
| 605 | @a周易@x注释 | |
| 690 | @aB222.25@v三版 | |
| 690 | @aB22@v4 | |
| 701 | 0 | @a李旭@ALI XU@4著 |
| 701 | 0 | @a马风@AMA FENG@4著 |
| 801 | 0 | @aCN@bTSSF@c19940511 |
| 905 | @a10447@dB22@eJY1 | |
| 孔子:执着人生/李 旭著.-武汉:长江文艺出版社,1993 |
| 251页;19cm.-(中国圣贤人生丛书/洪 质主编) |
| ISBN 7-5354-1141-X:CNY10.00 |
| 本书反映孔子一生经历和思想,同时收入《易经》妙解(马风著)。 |
| ● |
| 相关链接 |
|
|
|
|
正题名:孔子:执着人生
索取号:B22/JY1
 
预约/预借
| 序号 | 登录号 | 条形码 | 馆藏地/架位号 | 状态 | 备注 |
| 1 | 7824302 | 278243027 | 学院路分馆/ [索取号:B22/JY1] | 在馆 | |
| 2 | 7824303 | 278243036 | 学院路分馆/ [索取号:B22/JY1] | 在馆 | |
| 3 | 7824304 | 278243045 | 学院路分馆/ [索取号:B22/JY1] | 在馆 | |
| 4 | 7824305 | 278243054 | 学院路分馆/ [索取号:B22/JY1] | 在馆 |